[Event "EST-ch (Women)"]
[Site "Tallinn"]
[Date "2014.05.03"]
[Round "6"]
[White "Tsiganova, Monika"]
[Black "Narva, Mai"]
[Result "0-1"]
[WhiteElo "2081"]
[BlackElo "2002"]
[PlyCount "102"]
[EventDate "2014.04.28"]
[EventType "tourn"]
[EventRounds "7"]
[EventCountry "EST"]
[SourceTitle "CBM 160 Extra"]
[Source "ChessBase"]
[SourceDate "2014.07.01"]
[SourceVersion "1"]
[SourceVersionDate "2014.07.01"]
[SourceQuality "1"]

1. d4 d5 2. c4 e6 3. g3 c5 4. cxd5 exd5 5. Bg2 Nf6 6. Nf3 Nc6 7. Nc3 Be7 8. 0-0 0-0 9. Bg5 c4 10. b3 Qa5 11. Bd2 Bb4 12. Qc2 Bf5 13. Qxf5 Bxc3 14. Bxc3 Qxc3 15. bxc4 Qxc4 16. e3 Ne7 17. Qb1 Qa6 18. Ne5 Rac8 19. Qb3 Rc7 20. Rfc1 Rfc8 21. Rxc7 Rxc7 22. Qb4 h6 23. a4 Qe6 24. Qa3 Nd7 25. Nd3 Nb6 26. Nc5 Qc8 27. Qb3 Nd7 28. Nd3 Rc3 29. Qd1 Qc7 30. Rb1 b6 31. Rb3 Rc4 32. Rb5 Nf6 33. h4 Ne4 34. Qh5 Nf6 35. Qe5 Qd8 36. a5 Nc6 37. Qf5 bxa5 38. Ne5 Rc1+ 39. Kh2 Ne7 40. Qd3 Qc7 41. Bf3 a4 42. Kg2 g6 43. Qa3 Rc2 44. Qxa4 Nf5 45. Qb3 Nd6 46. Rb8+ Kg7 47. Bd1 Rd2 48. Bf3 Nfe4 49. Nd3 Rxd3 50. Qxd5 Qxb8 51. Qe5+ Nf6 0-1

[Event "EST-ch (Women)"]
[Site "Tallinn"]
[Date "2014.04.30"]
[Round "2"]
[White "Narva, Triin"]
[Black "Tsiganova, Monika"]
[Result "0-1"]
[WhiteElo "2080"]
[BlackElo "2081"]
[PlyCount "70"]
[EventDate "2014.04.28"]
[EventType "tourn"]
[EventRounds "7"]
[EventCountry "EST"]
[SourceTitle "CBM 160 Extra"]
[Source "ChessBase"]
[SourceDate "2014.07.01"]
[SourceVersion "1"]
[SourceVersionDate "2014.07.01"]
[SourceQuality "1"]

1. d4 d5 2. c4 e6 3. Nc3 Nf6 4. Bg5 Bb4 5. e3 0-0 6. Bd3 Nbd7 7. cxd5 exd5 8. Nge2 c6 9. 0-0 a5 10. f3 Re8 11. e4 Qb6 12. Qc2 h6 13. Bh4 dxe4 14. fxe4 Ng4 15. Qb3 Nde5 16. Na4 Qa7 17. Kh1 Be6 18. d5 cxd5 19. exd5 Bd7 20. Nf4 Nxd3 21. Nxd3 Re3 22. Qd1 Qd4 23. Nxb4 Qxb4 24. h3 Ne5 25. Bf2 Bxa4 26. b3 Rd3 27. Qh5 Ng6 28. bxa4 Nf4 29. Qg4 h5 30. Be1 hxg4 31. Bxb4 Nxd5 32. Bc5 gxh3 33. gxh3 Rxh3+ 34. Kg2 Rc3 35. Bd4 Rc4 0-1

[Event "Tallinn op"]
[Site "Tallinn"]
[Date "2014.02.21"]
[Round "1"]
[White "Pedoson, Georg Aleksander"]
[Black "Tsiganova, Monika"]
[Result "1/2-1/2"]
[WhiteElo "1649"]
[BlackElo "2108"]
[PlyCount "75"]
[EventDate "2014.02.21"]
[EventType "swiss"]
[EventRounds "7"]
[EventCountry "EST"]
[SourceTitle "CBM 159 Extra"]
[Source "ChessBase"]
[SourceDate "2014.04.24"]
[SourceVersion "1"]
[SourceVersionDate "2014.04.24"]
[SourceQuality "1"]

1. e4 c5 2. Nf3 d6 3. d4 cxd4 4. Nxd4 Nf6 5. Nc3 a6 6. Bg5 e6 7. f4 Qc7 8. Qf3 Nc6 9. 0-0-0 Bd7 10. Nxc6 bxc6 11. Bd3 Be7 12. Rhe1 h6 13. Bh4 Rb8 14. e5 Nd5 15. Nxd5 cxd5 16. Bxe7 Kxe7 17. Qg3 Qb6 18. b3 Qb4 19. Kb2 Rhc8 20. Qxg7 Qxf4 21. exd6+ Qxd6 22. Qxh6 Rc5 23. Qh4+ Kf8 24. Rf1 Be8 25. Rf4 Qe5+ 26. Kb1 a5 27. Qf6 Qxf6 28. Rxf6 a4 29. Rdf1 axb3 30. axb3 Kg7 31. R6f4 e5 32. Rf5 d4 33. Rg5+ Kf8 34. Rff5 Bb5 35. Rxe5 Rxe5 36. Rxe5 Bxd3 37. cxd3 Rxb3+ 38. Kc2 1/2-1/2